Movies Quiz

Random Movies or Letter Quiz

Movies Missing 'C' Words Quiz Stats

 Plays Quiz Updated Apr 27, 2018

Score 0/18 Timer 03:00
5 Plays Today
Hint Answer % Correct
Casino
96.6%
Chainsaw
96.2%
Cause
95.5%
Country
94.1%
Cool
89.3%
Captain
88.3%
City
87%
Confidential
82.2%
Candidate
81.7%
Hint Answer % Correct
Cowboy
77.6%
Corner
77.4%
Christmas
74.5%
Cold
72.7%
Cloverfield
68.3%
Carlito's
64.4%
Children
56.1%
Carter
46.7%
Clayton
42.7%

You're not logged in!

Compare scores with friends on all Sporcle quizzes.
OR
Log In

Sporcle TV

Today on Sporcle TV


Watch our educational content, quiz creation guides, and fun videos on Sporcle TV.

Show Comments

Extras

Top Quizzes Today


Score Distribution

Your Account Isn't Verified!

In order to create a playlist on Sporcle, you need to verify the email address you used during registration. Go to your Sporcle Settings to finish the process.

Report this User

Report this user for behavior that violates our Community Guidelines.

Details: